Effective knowledge management : a best practice blueprint

Bibliographic Details
Main Author: KERMALLY
Format: Book
Published: Chichester; New York : J. Wiley , 2002
Series:Fast track series (Confederation of British Industry)
Subjects:

MARC

LEADER 00000cam a2200000 7i4500
001 0000002050
005 20020917.0
020 0 0 |a 0470844493 
090 0 0 |a 658.4038   |b KER 2002 
100 1 0 |a KERMALLY   |h Sultan 
245 1 0 |a Effective knowledge management :   |b a best practice blueprint   |c Sultan Kermally 
260 0 0 |a Chichester; New York :   |b J. Wiley ,   |c 2002 
300 |a xii, 194 p. :   |b ill. ;   |c 23 cm. 
440 0 0 |a Fast track series (Confederation of British Industry) 
500 0 0 |a Includes bibliographical references and index 
650 0 0 |a Knowledge management 
998 |a JPSM 
999 |a 0000003416   |b Monograph   |c Open Shelf   |e Default branch